Technická zařízení budov. Část B /

Saved in:
Bibliographic Details
Main Author: Bystřický, Václav
Other Authors: Pokorný, Antonín
Format: Book
Language:Czech
Published: Praha : České vysoké učení technické v Praze, 1999
Edition:1. vyd.
Subjects:
ISBN:8001020789
Online Access: Get full text
Tags: Add Tag
No Tags, Be the first to tag this record!

MARC

LEADER 00000nam a2200000 4500
003 SK-BrCVT
005 20220617202731.0
008 020404s1999 xr e ||||||cze d
020 |a 8001020789 
035 |a CVTIDW0953481 
040 |b slo  |a CVTI SR 
041 0 |a cze 
044 |a xr 
080 |a 696/697  |2 UDC-MRF 
100 1 |a Bystřický, Václav 
245 1 0 |a Technická zařízení budov. Část B /  |c Václav Bystřický, Antonín Pokorný 
250 |a 1. vyd. 
260 |a Praha :  |b České vysoké učení technické v Praze,  |c 1999 
300 |a 203 s. :  |b fotogr., grafy, lit., obr., tab. ; 
653 1 |a zariadenie budov  |a vykurovanie  |a vzduchotechnika 
700 1 |a Pokorný, Antonín 
910 |b S572933 
919 |a 80-01-02078-9 
974 |f Knihy 
992 |a ASK 
999 |c 113165  |d 113165